000
00277nam a2200109Ia 4500
008
190216s9999||||xx |||||||||||||| ||und||
100
_a
Ezhuthachan K N
245
0
_a
Abc Guide To Second Year Degree Malayalam
260
_b
Ajith Book Center
650
_a
Sahithyam
942
_c
BK
999
_c
25733
_d
25733